000 00805 a2200229 4500
020 _a0387972714
020 _a9780387972718
082 0 4 _a516
090 _c559
_d559
100 1 _aDubrovin, B.A.
245 1 0 _aModern geometry - methods and applications :
_bpart 3 :
_bintroduction to homology theory /
_cB.A. Dubrovin, A.T. Fomenko, S.P. Novikov, Robert G. Burns.
250 _a1st ed.
260 _a[S.l.] :
_bSpringer,
_c1990.
300 _a416 p. ;
_c24 cm.
490 1 _aGraduate texts in mathematics.
700 1 _aFomenko, A.T.
700 1 _aNovikov, S.P.
700 1 _aBurns, Robert G.
830 0 _aGraduate texts in mathematics.
942 _aSNS
_cBK
_k516 DUB
999 _c29189
_d29189